| 000 | 01521nam a2200253 i 4500 | ||
|---|---|---|---|
| 001 | 11782 | ||
| 003 | ES-MaACL | ||
| 005 | 20240503100005.0 | ||
| 007 | t| | ||
| 008 | 961028m19609999sp ||||1| spa d | ||
| 020 | _a600-3782-7 | ||
| 080 | _a806.0-321.9 | ||
| 110 | 2 |
_aReal Academia Española. _bSeminario de Lexicografía. _96339 |
|
| 245 | 1 | 0 |
_aDiccionario histórico de la lengua española / _cReal Academia Española, Seminario de Lexicografía ; proyectado inicialmente por Julio Casares ; dirigido por Vicente García de Diego ; Seminario de Lexicografía, director, Rafael Lapesa Melgar ; académicos redactores, Salvador Fernández Ramírez ... [et al.]. |
| 260 |
_aMadrid : _bReal Academia Española, _c1960-<1993> |
||
| 300 |
_a21 fasc. ; _c33 cm. |
||
| 505 | 8 | _aT.I: A-Ala -- T.II: fasc.11º (álaba-albricia), 1974 ; 12º (albricia-alexifármaco), 1976 ; 13º (alexifármaco-alitierno), 1977 ; 14º (álito-aloja), 1979 ; 15º (aloja-alzo), 1981 ; 16º (alzo-amenazar), 1984 ; 17º (amenazar-anafrodítico), 1986 ; 18º (anagaça-ángel), 1988 ; 19º (ángel-ante), 1990 ; 20º (ante-antígrafo), 1992 ; fasc. preliminar del t.II: (álaba-antígrafo), 1992 -- T.III: fasc.1º (antigramatical-aonio), 1993 | |
| 650 | 1 | 4 |
_aLengua española- _vDiccionarios. _914137 |
| 700 | 1 |
_aCasares, Julio, _d1877-1964 _936157 |
|
| 700 | 0 |
_aLapesa, Rafael, _d1908-2001 _970146 |
|
| 700 | 1 |
_aGarcía de Diego, Vicente, _d1878-1978 _954421 |
|
| 852 |
_aES-MaACL _jP-1079 _bR.58447 |
||
| 999 |
_c11782 _d11782 |
||